000 00310nam a2200121Ia 4500
008 220216s9999 xx 000 0 und d
100 _aSuryakumar S.
245 0 _aVadakkukizhakkan meghalayude valarcha urappakkya krishi
260 _bRubber
_c2010
300 _a31-34
700 _aGopinath M.N.
942 _cJS
999 _c72043
_d72043